Amos: (Record no. 338768)

MARC details
000 -LEADER
fixed length control field 00513nam a2200169Ia 4500
003 - CONTROL NUMBER IDENTIFIER
control field KE-NaHC
005 - DATE AND TIME OF LATEST TRANSACTION
control field 20231004120027.0
008 - FIXED-LENGTH DATA ELEMENTS--GENERAL INFORMATION
fixed length control field 130518s9999 xx 000 0 und d
020 ## - INTERNATIONAL STANDARD BOOK NUMBER
International Standard Book Number 0800660234
040 ## - CATALOGING SOURCE
Original cataloging agency KE-NaHC
Language of cataloging eng
Transcribing agency KE-NaHC
Modifying agency KE-NaHC
100 ## - MAIN ENTRY--PERSONAL NAME
Personal name Shalom M. Paul
9 (RLIN) 69207
245 10 - TITLE STATEMENT
Title Amos:
Remainder of title a commentary on the Book of Amos
260 ## - PUBLICATION, DISTRIBUTION, ETC. (IMPRINT)
Place of publication, distribution, etc Minneapolis
Name of publisher, distributor, etc Fortress Press
Date of publication, distribution, etc 1991
440 ## - SERIES STATEMENT/ADDED ENTRY--TITLE
Title Hermeneia
9 (RLIN) 7689
650 ## - SUBJECT ADDED ENTRY--TOPICAL TERM
Topical term or geographic name as entry element Bible OT
General subdivision Amos
-- Commentaries
9 (RLIN) 66670
942 ## - ADDED ENTRY ELEMENTS (KOHA)
Classification part BS
Item part 413
Call number suffix .H4.PAU
Koha item type Books
Koha issues (borrowed), all copies 11
Holdings
Withdrawn status Lost status Damaged status Not for loan Collection code Home library Current library Shelving location Date acquired Inventory number Total Checkouts Total Renewals Full call number Barcode Date last seen Date checked out Copy number Price effective from Koha item type
        BS
Scripture
(The Bible)
JST Library JST Library General Stacks 21/11/2006 665 11 7 BS 413.H4.PAU 58597 18/10/2023 04/10/2023 c1 19/05/2013 Books